[Event "Nizhnij Novgorod Region-ch"]
[Site "Nizhnij Novgorod"]
[Date "2012.10.12"]
[Round "?"]
[White "Demidov, Daniil"]
[Black "Goltseva, Ekaterina"]
[Result "1-0"]
[WhiteElo "1918"]
[BlackElo "1755"]
[PlyCount "55"]
[EventDate "2012.10.06"]
[EventType "swiss"]
[EventRounds "9"]
[EventCountry "RUS"]
[SourceTitle "EXT 2022"]
[Source "ChessBase"]
[SourceDate "2021.10.06"]
[SourceVersion "1"]
[SourceVersionDate "2021.10.06"]
[SourceQuality "1"]

1. e4 c6 2. d4 d5 3. Nc3 dxe4 4. Nxe4 h6 5. Nf3 Bf5 6. Bd3 Bg4 7. Be3 e6 8. h3 Bxf3 9. Qxf3 Be7 10. Qg3 Bf8 11. 0-0-0 Nf6 12. Nxf6+ gxf6 13. Bc4 Nd7 14. Bf4 Nb6 15. Bc7 Qd7 16. Bxb6 axb6 17. Rhe1 Qd6 18. Qg4 0-0-0 19. Qh5 Qf4+ 20. Kb1 Rh7 21. Re3 Rxd4 22. Bxe6+ fxe6 23. Qe8+ Kc7 24. Rxd4 Qxd4 25. Rd3 Qd7 26. Rxd7+ Rxd7 27. a3 Be7 28. Qg6 1-0

[Event "Nizhnij Novgorod Juniors"]
[Site "Nizhnij Novgorod"]
[Date "2012.08.??"]
[Round "?"]
[White "Gorozhanin, Mikhail"]
[Black "Demidov, Daniil"]
[Result "1-0"]
[WhiteElo "2226"]
[BlackElo "1934"]
[PlyCount "32"]
[EventDate "2012.08.22"]
[EventType "swiss"]
[EventRounds "9"]
[EventCountry "RUS"]
[SourceTitle "EXT 2023"]
[Source "ChessBase"]
[SourceDate "2022.10.05"]
[SourceVersion "1"]
[SourceVersionDate "2022.10.05"]
[SourceQuality "1"]

1. d4 d5 2. Nf3 Nf6 3. c3 Bf5 4. Qb3 Qc8 5. Bf4 e6 6. e3 Nbd7 7. c4 c5 8. Nc3 a6 9. cxd5 cxd4 10. exd4 Nxd5 11. Nxd5 exd5 12. Rc1 Qd8 13. Qxb7 Nb6 14. Bc7 Bb4+ 15. Kd1 Qe7 16. Qxb6 Bg4 1-0

[Event "Nizhnij Novgorod Juniors"]
[Site "Nizhnij Novgorod"]
[Date "2012.08.??"]
[Round "?"]
[White "Sukhinin, Anatoly"]
[Black "Demidov, Daniil"]
[Result "0-1"]
[WhiteElo "2065"]
[BlackElo "1934"]
[PlyCount "92"]
[EventDate "2012.08.22"]
[EventType "swiss"]
[EventRounds "9"]
[EventCountry "RUS"]
[SourceTitle "EXT 2023"]
[Source "ChessBase"]
[SourceDate "2022.10.05"]
[SourceVersion "1"]
[SourceVersionDate "2022.10.05"]
[SourceQuality "1"]

1. c4 e6 2. Nc3 d5 3. cxd5 exd5 4. d4 Nf6 5. Bg5 Be7 6. Nf3 0-0 7. e3 c6 8. Qc2 Ne4 9. Nxe4 dxe4 10. Bxe7 Qxe7 11. Nd2 f5 12. Bc4+ Be6 13. Bxe6+ Qxe6 14. Qc4 Re8 15. Ke2 Nd7 16. Rhc1 Nb6 17. Qxe6+ Rxe6 18. b4 Nd5 19. Rab1 a5 20. b5 Nb4 21. bxc6 bxc6 22. a3 Nd3 23. Rc4 Rg6 24. g3 Rh6 25. h4 g5 26. hxg5 Rh2 27. Rf1 Rb8 28. g4 fxg4 29. Nxe4 Nxf2 30. Rxf2 Rb2+ 31. Kd3 Rbxf2 32. Nxf2 Rxf2 33. Rxc6 g3 34. Rc1 Kg7 35. Ke4 g2 36. Rg1 Kg6 37. d5 Kxg5 38. Ke5 Kg4 39. d6 Kg3 40. Ke6 Rd2 41. e4 Kh2 42. Re1 g1Q 43. Rxg1 Kxg1 44. e5 h5 45. Kf5 h4 46. e6 Rd5+ 0-1

[Event "Nizhnij Novgorod Cup of Nadezhda"]
[Site "Nizhnij Novgorod"]
[Date "2011.08.08"]
[Round "?"]
[White "Demidov, Daniil"]
[Black "Marsak, Viktor D"]
[Result "0-1"]
[WhiteElo "1910"]
[BlackElo "2002"]
[PlyCount "73"]
[EventDate "2011.08.08"]
[EventType "swiss"]
[EventRounds "8"]
[EventCountry "RUS"]
[SourceTitle "EXT 2022"]
[Source "ChessBase"]
[SourceDate "2021.10.06"]
[SourceVersion "1"]
[SourceVersionDate "2021.10.06"]
[SourceQuality "1"]

1. e4 c5 2. Nf3 Nc6 3. c3 Nf6 4. e5 Nd5 5. d4 d6 6. Bd3 Bg4 7. Be4 e6 8. exd6 Bxd6 9. 0-0 0-0 10. Be3 Qb6 11. dxc5 Bxc5 12. Bxc5 Qxc5 13. Bxh7+ Kh8 14. Bc2 Rad8 15. Nbd2 Nf4 16. Qe1 Qh5 17. Qe3 e5 18. Rfe1 Rfe8 19. Qe4 g6 20. Bb3 Kg7 21. Ba4 Bf5 22. Qe3 Qg4 23. g3 Nh3+ 24. Kg2 Qxa4 25. Nh4 Be6 26. Ne4 Bc8 27. Qf3 f5 28. Nc5 Qg4 29. Qxg4 fxg4 30. Ne4 Bf5 31. Re3 Rh8 32. Rae1 Nf4+ 33. gxf4 Rxh4 34. fxe5 Nxe5 35. Ng5 Kf6 36. Ne4+ Bxe4+ 37. Rxe4 0-1

[Event "Kstovo Chess Hopes op"]
[Site "Kstovo"]
[Date "2011.06.24"]
[Round "8"]
[White "Demidov, Daniil"]
[Black "Shilnikov, Igor S"]
[Result "0-1"]
[WhiteElo "1910"]
[BlackElo "1901"]
[PlyCount "38"]
[EventDate "2011.06.18"]
[EventType "swiss"]
[EventRounds "9"]
[EventCountry "RUS"]
[SourceTitle "EXT 2012"]
[Source "ChessBase"]
[SourceDate "2011.11.24"]
[SourceVersion "1"]
[SourceVersionDate "2011.11.24"]
[SourceQuality "1"]

1. e4 e5 2. Nf3 Nc6 3. Bb5 g6 4. 0-0 Bg7 5. Nc3 Nge7 6. d3 0-0 7. Bg5 h6 8. Be3 d6 9. Qd2 Kh7 10. Nd5 f5 11. Bxc6 Nxc6 12. exf5 gxf5 13. Qe2 f4 14. Bd2 Bg4 15. Rfd1 Nd4 16. Qe4+ Bf5 17. Qe1 Nxc2 18. Qe2 Nxa1 19. Rxa1 c6 0-1

[Event "Nizhnij Novgorod-ch FL"]
[Site "Nizhnij Novgorod"]
[Date "2009.11.14"]
[Round "?"]
[White "Karmanova, Marina"]
[Black "Demidov, Daniil"]
[Result "1-0"]
[WhiteElo "1768"]
[BlackElo "1924"]
[PlyCount "65"]
[EventDate "2009.11.14"]
[EventType "swiss"]
[EventRounds "9"]
[EventCountry "RUS"]
[SourceTitle "EXT 2022"]
[Source "ChessBase"]
[SourceDate "2021.10.06"]
[SourceVersion "1"]
[SourceVersionDate "2021.10.06"]
[SourceQuality "1"]

1. c4 e6 2. Nc3 Nf6 3. e4 d6 4. d4 Be7 5. Nf3 0-0 6. Be2 b6 7. 0-0 Bb7 8. Bd3 Nbd7 9. a3 e5 10. b4 exd4 11. Nxd4 Ne5 12. Nd5 c6 13. Nxe7+ Qxe7 14. f3 Nxd3 15. Qxd3 Qe5 16. Rb1 c5 17. Nb5 Nxe4 18. Re1 a6 19. Bb2 Qg5 20. Nc7 Nd2 21. Bc1 cxb4 22. axb4 Qd8 23. Bxd2 Qxc7 24. Bf4 Rfd8 25. Re3 Rac8 26. Rbe1 h6 27. Re7 Qc6 28. Bxh6 gxh6 29. Rxf7 Kxf7 30. Qh7+ Kf6 31. Qe7+ Kf5 32. g4+ Kg6 33. Re6# 1-0

[Event "Nizhnij Novgorod Voroniatov Memor 6th"]
[Site "Nizhnij Novgorod"]
[Date "2009.05.??"]
[Round "5"]
[White "Demidov, Daniil"]
[Black "Bojarinov, Victor A"]
[Result "1-0"]
[WhiteElo "1982"]
[BlackElo "2319"]
[PlyCount "45"]
[EventDate "2009.05.03"]
[EventType "swiss"]
[EventRounds "8"]
[EventCountry "RUS"]
[SourceTitle "EXT 2022"]
[Source "ChessBase"]
[SourceDate "2021.10.06"]
[SourceVersion "1"]
[SourceVersionDate "2021.10.06"]
[SourceQuality "1"]

1. e4 d5 2. exd5 Qxd5 3. Nc3 Qa5 4. d4 e5 5. dxe5 Bb4 6. Bd2 Nc6 7. Nf3 Bg4 8. Be2 Nge7 9. 0-0 Bxf3 10. Bxf3 0-0-0 11. Qe2 Nxe5 12. Bg5 Rhe8 13. a3 Bxc3 14. bxc3 Qxc3 15. Be3 Nxf3+ 16. Qxf3 f6 17. Qg4+ Kb8 18. Qxg7 Nc6 19. Qxh7 Ne5 20. Rab1 Rh8 21. Qe4 c6 22. Qa4 a6 23. Qxa6 1-0

[Event "Nizhnij Novgorod Voroniatov Memor 6th"]
[Site "Nizhnij Novgorod"]
[Date "2009.05.??"]
[Round "6"]
[White "Krylov, Dima"]
[Black "Demidov, Daniil"]
[Result "1-0"]
[WhiteElo "1792"]
[BlackElo "1982"]
[PlyCount "43"]
[EventDate "2009.05.03"]
[EventType "swiss"]
[EventRounds "8"]
[EventCountry "RUS"]
[SourceTitle "EXT 2022"]
[Source "ChessBase"]
[SourceDate "2021.10.06"]
[SourceVersion "1"]
[SourceVersionDate "2021.10.06"]
[SourceQuality "1"]

1. e4 e6 2. d4 d5 3. Nd2 Nf6 4. e5 Nfd7 5. Bd3 c5 6. c3 Nc6 7. Ne2 cxd4 8. cxd4 Bb4 9. 0-0 0-0 10. Nf3 f6 11. exf6 Nxf6 12. Bf4 Bd6 13. Re1 Qc7 14. Bxd6 Qxd6 15. Nc3 a6 16. Ne5 Ne7 17. a3 Bd7 18. Qe2 Be8 19. Nf3 Bf7 20. Ng5 Rae8 21. Nxf7 Rxf7 22. Qxe6 1-0